[Event "African Online-ch U20-Open 2021"]
[Site "Online"]
[Date "2021.02.01"]
[Round "9.17"]
[White "Meise, Keagen"]
[Black "Mcligeyo, Robert"]
[Result "1-0"]
[WhiteElo "1200"]
[BlackElo "1688"]
[Annotator "NA RC"]
[PlyCount "141"]
[EventDate "2021.02.01"]
[EventType "swiss"]
[EventCountry "NET"]
[SourceTitle "playchess.com"]
[Source "ChessBase"]
[SourceQuality "1"]
[TimeControl "1500+10"]

1. d4 {[%emt 0:00:00]} Nf6 {[%emt 0:00:05]} 2. c4 {[%emt 0:00:03]} c5 {[%emt 0:00:06]} 3. d5 {[%emt 0:00:02]} e6 {[%emt 0:00:01]} 4. Nc3 {[%emt 0:00:06]} b5 {[%emt 0:00:03]} 5. Nxb5 {[%emt 0:00:11]} exd5 {[%emt 0:00:09]} 6. cxd5 {[%emt 0:00:02]} Bb7 {[%emt 0:00:04]} 7. Nc3 {[%emt 0:00:02]} d6 {[%emt 0:00:03]} 8. e4 {[%emt 0:00:10]} Be7 {[%emt 0:00:04]} 9. Nf3 {[%emt 0:00:03]} O-O {[%emt 0:00:03]} 10. Bd3 {[%emt 0:00:03]} Nbd7 {[%emt 0:00:03]} 11. Bg5 {[%emt 0:00:07]} Re8 {[%emt 0:00:07]} 12. O-O {[%emt 0:00:05]} h6 {[%emt 0:00:09]} 13. Bxf6 {[%emt 0:00:04]} Nxf6 {[%emt 0:00:03]} 14. Re1 {[%emt 0:00:10]} Rb8 {[%emt 0:00:08]} 15. Qc2 {[%emt 0:00:07]} Qb6 {[%emt 0:00:28]} 16. Rab1 {[%emt 0:00:12]} Rec8 {[%emt 0:00:06]} 17. Qa4 {[%emt 0:00:30]} Qb4 {[%emt 0:00:43]} 18. Qxb4 {[%emt 0:00:37]} cxb4 {[%emt 0:00:04]} 19. Ne2 {[%emt 0:00:03]} a5 {[%emt 0:00:19]} 20. Rec1 {[%emt 0:00:22]} Rxc1+ {[%emt 0:00:17]} 21. Rxc1 {[%emt 0:00:03]} Rc8 {[%emt 0:00:01]} 22. Rxc8+ {[%emt 0:00:05]} Bxc8 {[%emt 0:00:03]} 23. Ned4 {[%emt 0:00:02]} Nd7 {[%emt 0:00:25]} 24. Nc6 {[%emt 0:00:05]} Kf8 {[%emt 0:00:09]} 25. Nxa5 {[%emt 0:00:16]} Nc5 {[%emt 0:00:02]} 26. Bc2 {[%emt 0:00:11]} Bf6 {[%emt 0:00:04]} 27. b3 {[%emt 0:00:12]} Ba6 {[%emt 0:00:09]} 28. Nc6 {[%emt 0:00:07]} Bd3 {[%emt 0:00:11]} 29. Nxb4 {[%emt 0:00:09]} Bxc2 {[%emt 0:00:05]} 30. Nxc2 {[%emt 0:00:04]} Nxe4 {[%emt 0:00:02]} 31. b4 {[%emt 0:00:21]} Nc3 {[%emt 0:00:03]} 32. a3 {[%emt 0:00:07]} Nxd5 {[%emt 0:00:03]} 33. Ncd4 {[%emt 0:00:05]} Ke8 {[%emt 0:00:07]} 34. b5 {[%emt 0:00:47]} g5 {[%emt 0:00:05]} 35. Nf5 {[%emt 0:00:12]} h5 {[%emt 0:00:25]} 36. Nxd6+ {[%emt 0:00:07]} Ke7 {[%emt 0:00:03]} 37. Ne4 {[%emt 0:00:02]} Bb2 {[%emt 0:00:06]} 38. Nfxg5 {[%emt 0:00:44]} Bxa3 {[%emt 0:00:08]} 39. Ng3 {[%emt 0:00:04]} h4 {[%emt 0:00:09]} 40. Ne2 {[%emt 0:00:10]} Bc5 {[%emt 0:00:47]} 41. Nf3 {[%emt 0:00:13]} h3 {[%emt 0:00:04]} 42. gxh3 {[%emt 0:00:05]} Nc7 {[%emt 0:00:03]} 43. Nc3 {[%emt 0:00:24]} Bb4 {[%emt 0:00:28]} 44. b6 {[%emt 0:00:12]} Bxc3 {[%emt 0:00:04]} 45. bxc7 {[%emt 0:00:04]} Kd7 {[%emt 0:00:02]} 46. Ng5 {[%emt 0:00:04]} f6 {[%emt 0:00:14]} 47. Ne6 {[%emt 0:00:24]} Be5 {[%emt 0:00:09]} 48. Kg2 {[%emt 0:00:03]} f5 {[%emt 0:00:21]} 49. h4 {[%emt 0:00:26]} Bd6 {[%emt 0:01:00]} 50. Nd4 {[%emt 0:00:36]} Bxc7 {[%emt 0:01:00]} 51. Nxf5 {[%emt 0:00:03]} Ke6 {[%emt 0:00:04]} 52. Ng3 {[%emt 0:00:05]} Kf6 {[%emt 0:00:05]} 53. Kh3 {[%emt 0:00:04]} Kg6 {[%emt 0:00:04]} 54. Kg4 {[%emt 0:00:03]} Bb8 {[%emt 0:00:11]} 55. f4 {[%emt 0:00:05]} Kf6 {[%emt 0:00:04]} 56. h5 {[%emt 0:00:04]} Bc7 {[%emt 0:00:06]} 57. h4 {[%emt 0:00:04]} Bb8 {[%emt 0:00:06]} 58. Ne4+ {[%emt 0:00:02]} Kg7 {[%emt 0:00:07]} 59. Kg5 {[%emt 0:00:07]} Bc7 {[%emt 0:00:06]} 60. f5 {[%emt 0:00:02]} Bd8+ {[%emt 0:00:07]} 61. f6+ {[%emt 0:00:01]} Kh7 {[%emt 0:00:07]} 62. h6 {[%emt 0:00:12]} Bb6 {[%emt 0:00:37]} 63. f7 {[%emt 0:00:15]} Be3+ {[%emt 0:00:03]} 64. Kf6 {[%emt 0:00:17]} Bxh6 {[%emt 0:00:06]} 65. Ng5+ {[%emt 0:00:02]} Kh8 {[%emt 0:00:14]} 66. Ne6 {[%emt 0:00:25]} Kh7 {[%emt 0:00:24]} 67. f8=Q {[%emt 0:00:55]} Bxf8 {[%emt 0:00:04]} 68. Nxf8+ {[%emt 0:00:02]} Kh6 {[%emt 0:00:01]} 69. Ng6 {[%emt 0:00:02]} Kh5 {[%emt 0:00:02]} 70. Kf5 {[%emt 0:00:02]} Kh6 {[%emt 0:00:05]} 71. Nf4 {[%emt 0:00:02]} 1-0

[Event "African Online-ch U20-Open 2021"]
[Site "Online"]
[Date "2021.02.01"]
[Round "9.18"]
[White "Tong, William M"]
[Black "Darius Patlo Banda"]
[Result "0-1"]
[WhiteElo "1985"]
[BlackElo "1369"]
[Annotator "TA"]
[PlyCount "98"]
[EventDate "2021.02.01"]
[EventType "swiss"]
[EventCountry "NET"]
[SourceTitle "playchess.com"]
[Source "ChessBase"]
[SourceQuality "1"]

{[%evp 16,98,53,27,33,0,0,0,241,-8,-8,-6,-7,-3,0,0,0,0,0,0,0,-34,0,0,52,39,58,20,19,23,17,15,33,6,6,11,21,7,8,0,5,0,0,0,0,0,0,0,0,0,0,-925,0,0,0,-1697,0,0,0,0,0,-29974,-29975,-29974,-29976,-29977,-29978,-29978,-8,-8,-8,-8,-8,-8,-8,-29980,-29981,-29981,-29982,-29982,-29983,-29983,-29984,-29984,-29985]} 1. e4 e5 2. Nf3 Nc6 3. Bb5 a6 4. Bxc6 dxc6 5. O-O Bd6 6. d4 Bg4 7. dxe5 Bxf3 8. Qxf3 Bxe5 9. Rd1 Qf6 {C68: Ruy Lopez: Exchange Variation, sidelines.} 10. c3 (10. Qd3 {is more complex.} Bd6 11. Nc3 Rd8 12. g3 Bc5 13. Qxd8+ Qxd8 14. Rxd8+ Kxd8 15. e5) 10... Qxf3 11. gxf3 {[#]} Nf6 $146 (11... Ne7 $11 {and Black has nothing to worry.}) ({Predecessor:} 11... f6 12. f4 Bd6 13. Be3 Ne7 14. Nd2 Ng6 15. f5 Ne5 16. Nf1 g6 17. Ng3 O-O-O {0-1 (50) Bonfim,R-Carvalho,C Americana 1999}) 12. Be3 $2 (12. f4 $18) 12... Bd6 $11 13. Nd2 O-O-O 14. Nc4 Be7 15. Ne5 Rxd1+ 16. Rxd1 Rf8 17. h3 Bd6 18. Ng4 Be7 19. Bg5 Nxg4 (19... Ng8 $11 20. Bc1 f5) 20. Bxe7 $14 Re8 {White must now prevent ...Ne5.} 21. fxg4 (21. hxg4 {looks sharper.} Rxe7 22. Kf1 Rd7 23. Rxd7 Kxd7 24. f4) 21... Rxe7 {[%mdl 4096] Endgame KR-KR} 22. f3 Re6 23. Kf2 Rd6 24. Rxd6 (24. Ke2 {with more complications.} c5 25. h4 Kd7 26. b3 b5 27. Rd2) 24... cxd6 {KP-KP} 25. h4 Kd7 26. Ke3 Ke6 27. f4 f6 28. b4 d5 29. Kd4 dxe4 30. Kxe4 g6 31. f5+ gxf5+ 32. gxf5+ Kd6 33. h5 $2 {[%mdl 8192] [#]} (33. c4 $11) 33... h6 $2 ({Black should play} 33... c5 $1 $19 {And now ...h6 would win.} 34. a4 b5) 34. a3 c5 35. a4 {[%mdl 8192] [#]} (35. c4 $11) 35... cxb4 $2 (35... b5 $1 $19 36. a5 Kc6 37. bxc5 Kxc5) 36. cxb4 $11 b6 37. Kd4 Kc6 38. b5+ $2 {[%mdl 8192]} (38. Kc4 $11) 38... axb5 39. axb5+ {K3P-K3P} Kd6 40. Kd3 Ke5 41. Kc4 Kxf5 $2 {K3P-KPP} (41... Ke4 {mates} 42. Kc3 Kxf5 43. Kd3 Kg4 44. Ke4 f5+ 45. Ke3 f4+ 46. Kd4 f3 47. Kd5 f2 48. Kc6 f1=Q 49. Kxb6 Kxh5 50. Kc5 Kg4 51. b6 Qa6 52. Kc6 Qc8+ 53. Kb5 h5 54. Ka4 h4 55. Kb4 h3 56. Kb3 h2 57. b7 Qxb7+ 58. Kc4 h1=Q 59. Kc3 Qe1+ 60. Kc4 Qee4+ 61. Kc5 Qed5#) 42. Kd5 Kg5 {Strongly threatening ...f5.} 43. Kc6 f5 44. Kxb6 {Hoping for Kc5. KPP-KPP} f4 {Threatens to win with ...f3.} 45. Kc7 $2 {[%mdl 8192] Loses the game.} (45. Kc5 $11 f3 46. b6) 45... f3 {Black mates.} 46. b6 f2 47. b7 f1=Q 48. b8=Q Qf4+ 49. Kb7 Qxb8+ {Weighted Error Value: White=0.91/Black=0.56} 0-1

[Event "African Online-ch U20-Open 2021"]
[Site "Online"]
[Date "2021.02.01"]
[Round "9.20"]
[White "Dutt Dakshesh"]
[Black "Belattar, Mohamed Walid"]
[Result "1-0"]
[WhiteElo "1549"]
[BlackElo "1214"]
[Annotator "NA RC"]
[PlyCount "147"]
[EventDate "2021.02.01"]
[EventType "swiss"]
[EventCountry "NET"]
[SourceTitle "playchess.com"]
[Source "ChessBase"]
[SourceQuality "1"]
[TimeControl "1500+10"]

1. d4 {[%emt 0:00:00]} Nf6 {[%emt 0:00:05]} 2. Bf4 {[%emt 0:00:05]} e6 {[%emt 0:00:03]} 3. e3 {[%emt 0:00:22]} b6 {[%emt 0:00:12]} 4. Nf3 {[%emt 0:00:03]} Bb7 {[%emt 0:00:03]} 5. Bd3 {[%emt 0:00:03]} Be7 {[%emt 0:00:12]} 6. Nbd2 {[%emt 0:00:05]} O-O {[%emt 0:00:20]} 7. O-O {[%emt 0:00:39]} d6 {[%emt 0:00:27]} 8. e4 {[%emt 0:01:10]} Nbd7 {[%emt 0:01:10]} 9. c3 {[%emt 0:00:48]} c5 {[%emt 0:02:31]} 10. Re1 {[%emt 0:01:13]} cxd4 {[%emt 0:00:46]} 11. cxd4 {[%emt 0:00:03]} e5 {[%emt 0:00:09]} 12. dxe5 {[%emt 0:00:48]} dxe5 {[%emt 0:00:10]} 13. Bg3 {[%emt 0:00:05]} Rc8 {[%emt 0:03:14]} 14. Rc1 {[%emt 0:02:23]} Rxc1 {[%emt 0:01:35]} 15. Qxc1 {[%emt 0:00:16]} Nc5 {[%emt 0:00:05]} 16. Bc2 {[%emt 0:00:26]} Bd6 {[%emt 0:04:23]} 17. Nxe5 {[%emt 0:01:33]} Bxe5 {[%emt 0:00:30]} 18. Bxe5 {[%emt 0:00:08]} Qe7 {[%emt 0:00:14]} 19. Bxf6 {[%emt 0:00:33]} Qxf6 {[%emt 0:00:23]} 20. Nb3 {[%emt 0:00:42]} Nxb3 {[%emt 0:01:01]} 21. Bxb3 {[%emt 0:00:08]} Qg6 {[%emt 0:00:36]} 22. f3 {[%emt 0:00:31]} Rc8 {[%emt 0:00:10]} 23. Qd2 {[%emt 0:01:10]} Qc6 {[%emt 0:01:27]} 24. Rd1 {[%emt 0:00:40]} h6 {[%emt 0:00:48]} 25. h3 {[%emt 0:01:20]} Qc5+ {[%emt 0:00:33]} 26. Kh1 {[%emt 0:00:23]} Qc7 {[%emt 0:00:59]} 27. Qd3 {[%emt 0:01:24]} Qe5 {[%emt 0:01:38]} 28. Qd7 {[%emt 0:00:46]} Qc7 {[%emt 0:00:10]} 29. Qxc7 {[%emt 0:00:31]} Rxc7 {[%emt 0:00:04]} 30. Rd8+ {[%emt 0:00:17]} Kh7 {[%emt 0:00:10]} 31. Rd2 {[%emt 0:00:35]} g6 {[%emt 0:00:15]} 32. Kg1 {[%emt 0:00:12]} f5 {[%emt 0:00:08]} 33. e5 {[%emt 0:00:22]} Re7 {[%emt 0:00:43]} 34. e6 {[%emt 0:00:18]} Bc8 {[%emt 0:00:39]} 35. Kf2 {[%emt 0:00:41]} Bxe6 {[%emt 0:00:35]} 36. Bxe6 {[%emt 0:00:09]} Rxe6 {[%emt 0:00:05]} 37. Rd7+ {[%emt 0:00:02]} Kg8 {[%emt 0:00:07]} 38. Rxa7 {[%emt 0:00:06]} Rc6 {[%emt 0:00:13]} 39. Re7 {[%emt 0:00:08]} Kf8 {[%emt 0:00:28]} 40. Re2 {[%emt 0:00:07]} Kf7 {[%emt 0:00:04]} 41. g4 {[%emt 0:00:18]} fxg4 {[%emt 0:00:12]} 42. hxg4 {[%emt 0:00:05]} h5 {[%emt 0:00:29]} 43. gxh5 {[%emt 0:00:08]} gxh5 {[%emt 0:00:02]} 44. Kg3 {[%emt 0:00:02]} Rh6 {[%emt 0:00:06]} 45. Kh4 {[%emt 0:00:04]} Kf6 {[%emt 0:00:03]} 46. Rg2 {[%emt 0:00:06]} Kf5 {[%emt 0:00:35]} 47. b4 {[%emt 0:00:30]} Kf4 {[%emt 0:00:24]} 48. Rg3 {[%emt 0:00:10]} Kf5 {[%emt 0:00:22]} 49. a4 {[%emt 0:00:16]} Kf4 {[%emt 0:02:01]} 50. a5 {[%emt 0:00:22]} bxa5 {[%emt 0:00:04]} 51. bxa5 {[%emt 0:00:03]} Rf6 {[%emt 0:01:30]} 52. Rg1 {[%emt 0:00:19]} Rf5 {[%emt 0:00:10]} 53. Ra1 {[%emt 0:00:08]} Rf8 {[%emt 0:00:10]} 54. Ra3 {[%emt 0:00:04]} Ra8 {[%emt 0:00:13]} 55. Kxh5 {[%emt 0:00:03]} Kf5 {[%emt 0:00:04]} 56. Kh4 {[%emt 0:00:04]} Kf4 {[%emt 0:00:02]} 57. Kh3 {[%emt 0:00:02]} Rh8+ {[%emt 0:00:02]} 58. Kg2 {[%emt 0:00:02]} Rg8+ {[%emt 0:00:18]} 59. Kf2 {[%emt 0:00:05]} Re8 {[%emt 0:00:10]} 60. a6 {[%emt 0:00:04]} Ke5 {[%emt 0:00:08]} 61. a7 {[%emt 0:00:04]} Ra8 {[%emt 0:00:02]} 62. Ke3 {[%emt 0:00:02]} Kd6 {[%emt 0:00:02]} 63. Ke4 {[%emt 0:00:03]} Kc7 {[%emt 0:00:01]} 64. Ke5 {[%emt 0:00:02]} Kb7 {[%emt 0:00:01]} 65. Ke6 {[%emt 0:00:02]} Re8+ {[%emt 0:00:06]} 66. Kf7 {[%emt 0:00:06]} Rc8 {[%emt 0:00:13]} 67. a8=Q+ {[%emt 0:00:09]} Rxa8 {[%emt 0:00:03]} 68. Rxa8 {[%emt 0:00:02]} Kxa8 {[%emt 0:00:01]} 69. f4 {[%emt 0:00:02]} Kb8 {[%emt 0:00:01]} 70. f5 {[%emt 0:00:01]} Kc8 {[%emt 0:00:01]} 71. f6 {[%emt 0:00:01]} Kd8 {[%emt 0:00:02]} 72. Kg7 {[%emt 0:00:02]} Ke8 {[%emt 0:00:06]} 73. f7+ {[%emt 0:00:02]} Ke7 {[%emt 0:00:02]} 74. f8=Q+ {[%emt 0:00:03]} 1-0